Azijos sostinės - Statistics

General Stats
  • This quiz has been taken 2,457 times
    2,396 since last reset
  • The average score is 21 of 48
Answer Stats
Hint Answer % Correct
Indija Naujasis Delis
76%
Japonija Tokijas
76%
Rusija Maskva
71%
Kinija Pekinas
69%
Azerbaidžanas Baku
66%
Jungtiniai Arabų Emyratai Abu Dabis
61%
Pietų Korėja Seulas
61%
Filipinai Manila
60%
Afganistanas Kabulas
59%
Turkija Ankara
57%
Bangladešas Daka
57%
Armėnija Jerevanas
57%
Indonezija Džakarta
55%
Singapūras Singapūras
55%
Kuveitas Kuveitas
54%
Iranas Teheranas
52%
Irakas Bagdadas
50%
Jemenas Sana
49%
Kambodža Pnompenis
48%
Tailandas Bankokas
44%
Kazachstanas Astana
43%
Butanas Timpu
42%
Pakistanas Islamabadas
39%
Saudo Arabija Rijadas
39%
Mongolija Ulan Batoras
39%
Kataras Doha
38%
Vietnamas Hanojus
38%
Jordanija Amanas
37%
Sirija Damaskas
37%
Nepalas Katmandu
35%
Sakartvelas Tbilisis
35%
Bahreinas Menama
34%
Šiaurės Korėja Pchenjanas
34%
Laosas Vientianas
34%
Šri Lanka Šri Džajavardenepura
33%
Kirgiztanas Biškekas
32%
Rytų Timoras Dilis
32%
Taivanas Taipėjus
32%
Maldyvai Malė
31%
Omanas Maskatas
31%
Uzbekistanas Taškentas
31%
Libanas Beirutas
29%
Malaizija Kvala Lumpūras
27%
Mianmaras Neipidas
27%
Izraelis Tel Avivas
27%
Turkmėnistanas Ašchabadas
26%
Brunėjus Bandar Seri Begavanas
25%
Tadžikistanas Dušanbė
24%
No matching quizzes found
Score Distribution
Percent of People with Each Score
Percentile by Number Answered
Your Score History
You have not taken this quiz since the last reset